000 00434nam a2200181Ia 4500
005 20250106055101.0
008 240331s9999 xx 000 0 und d
082 _bNEE
_21005
_a305.23
100 _aMarga. ed
245 0 _aNeeds of a Pre-School Child
260 _aColombo
_bMarga
_c1990
300 _axii, 164 p.,
650 _aChild
650 _aMental Health
650 _aHealth
700 _aGunatilleke, G
_eedt
942 _cL
999 _c1537
_d1537